000 00424 a2200169 4500
001 74041
020 _a852621397-0
040 _cAnchieta - Colégio São Paulo
100 _aNicola, José de
240 1 0 _aGramática Conteporânea da Língua Portuguesa
_lpor
245 1 0 _aGramática Conteporânea da Língua Portuguesa
300 _a447
362 0 _a1999
440 1 _aScipione
650 4 _aPortuguês
942 _cBK
999 _c74041
_d74041